| 000 | 01556cam a2200349 a 4500 | ||
|---|---|---|---|
| 001 | 15032535 | ||
| 005 | 20080803131015.0 | ||
| 008 | 071003s2008 nyua b 001 0 eng | ||
| 010 | _a2007041214 | ||
| 020 | _a0071496602 (alk. paper) | ||
| 020 | _a9780071496605 (alk. paper) | ||
| 035 | _a(OCoLC)ocn174134092 | ||
| 035 |
_a(OCoLC)174134092 _z(OCoLC)153581842 |
||
| 040 |
_aDLC _cDLC _dBAKER _dYDXCP _dBTCTA _dC#P _dDLC |
||
| 050 | 0 | 0 |
_aTA174 _b.I86 2008 |
| 082 | 0 | 0 |
_a621.902 _222 _bITO |
| 100 | 1 |
_aIto, Y. _q(Yoshimi), _d1940- _93586 |
|
| 245 | 1 | 0 |
_aModular Design for Machine Tools / _cYoshimi Ito. |
| 260 |
_aNew York : _bMcGraw-Hill, _cc2008. |
||
| 300 |
_axxiii, 504 p. : _bill. ; _c24 cm. |
||
| 504 | _aIncludes bibliographical references and index. | ||
| 650 | 0 |
_aEngineering design. _93587 |
|
| 650 | 0 |
_aComputer-aided design. _93588 |
|
| 650 | 0 |
_aModularity (Engineering) _93589 |
|
| 650 | 0 |
_aMachine-tools. _93590 |
|
| 856 | 4 | 2 |
_3Contributor biographical information _uhttp://www.loc.gov/catdir/enhancements/fy0814/2007041214-b.html |
| 856 | 4 | 2 |
_3Publisher description _uhttp://www.loc.gov/catdir/enhancements/fy0814/2007041214-d.html |
| 856 | 4 | 1 |
_3Table of contents only _uhttp://www.loc.gov/catdir/enhancements/fy0814/2007041214-t.html |
| 942 |
_2ddc _cBB |
||
| 999 |
_c11279 _d11279 |
||